000 00406nam a2200157 a 4500
005 20210219152938.0
008 991125n 000 0 spa u
035 _aUPN01000068159
100 _aShelton, Charles M.
222 _aDIDAC
245 _aCómo ayudar al alumno universitario a tomar decisiones morales
300 _a2-4
362 _a1994 No. 23
904 _aAC
_b005970
905 _aArticulo
999 _c64381
_d64381